000 00784nam a2200253Ia 4500
003 OSt
005 20220930080223.0
006 a|||||r|||| 00| 0
007 ta
008 220926b |||||||| |||| 00| 0 eng d
024 _a85977
037 _cTheses
040 _aCRL
_cCRL
_beng
041 _2eng
_aeng
100 _aAnita
110 _aUniversity of Delhi. Faculty of Medical Sciences. Department of Paediatrics
245 0 _aExpectations of parents of adolescents from health services and schools
260 _c2006
650 _aCHILDREN - DISEASES
700 _a Dr. Rajesh Mehta Gu.
_9538335
700 _aUniversity of Delhi. Faculty of Medical Sciences. Department of Paediatrics
942 _cDIS
_2CC
999 _c869473
_d869473